Crucial dimensions in world evangelization. (Record no. 10172)

000 -LEADER
fixed length control field 00687nam a2200193 a 4500
001 - CONTROL NUMBER
control field :::00007957$&:&@@
003 - CONTROL NUMBER IDENTIFIER
control field OkBaRHE
005 - DATE AND TIME OF LATEST TRANSACTION
control field 20000607103340.0
008 - FIXED-LENGTH DATA ELEMENTS--GENERAL INFORMATION
fixed length control field s1976 j 000 0 eng u
020 ## - INTERNATIONAL STANDARD BOOK NUMBER
International Standard Book Number 087808732X
040 ## - CATALOGING SOURCE
Transcribing agency
245 10 - TITLE STATEMENT
Title Crucial dimensions in world evangelization.
Statement of responsibility, etc [Edited by] Arthur F. Glasser.
260 ## - PUBLICATION, DISTRIBUTION, ETC. (IMPRINT)
Place of publication, distribution, etc South Pasadena, CA., :
Name of publisher, distributor, etc William Carey Library
Date of publication, distribution, etc c1976
300 ## - PHYSICAL DESCRIPTION
Extent x, 466 p. : illus. ;
Dimensions 22 cm.
650 ## - SUBJECT ADDED ENTRY--TOPICAL TERM
Topical term or geographic name as entry element Missions
General subdivision Addresses, Essays, Lectures
700 ## - ADDED ENTRY--PERSONAL NAME
Personal name Glasser, Arthur F. (Arthur Frederick), 1914- , Ed.
942 ## - ADDED ENTRY ELEMENTS (KOHA)
Source of classification or shelving scheme
Koha item type Books
Copies
Not for loan Full call number Date last seen Date acquired Damaged status Shelving location Copy number Barcode Permanent Location Withdrawn status Source of classification or shelving scheme Koha item type Lost status Price effective from
 BV 2070 .C782010-04-142010-04-14 General Stacks17957RHEMA Bible Training College  Books 2010-04-14